LEADER 01244nam a2200277 i 4500 001 000000348040 003 CaOOAMICUS 005 20211005143907.0 008 211005s2008 vc u000 u ita u 013 $a171777 020 $a978-88-401-6016-0 040 $aSeMil$bita 100 1 $aMazzolini, Sandra <1956- >.$0(OLS)http://semarc/name/93754 245 10$aChiesa e salvezza :$bl'extra Ecclesiam nulla salus in epoca patristica /$cSandra Mazzolini. 264 1$aCittà del Vaticano :$bUrbaniana University Press,$c2008. 300 $a338 p. ;$c24 cm. 490 1 $aMissiologia ;$v8 650 4$aSalvezza - Chiesa cattolica.$0(OLS)http://semarc/subject/9256 650 4$aPadri della Chiesa - Salvezza.$0(OLS)http://semarc/subject/39641 830 0$aMissiologia ;$v8.$0(OLS)http://semarc/title/421757 850 $aSeMil 852 $aSeMil$W1$xVenegono$y1$m2T V 26$j229491$B239079$CSeMilBibl$Z2$F239079 $81 996 $6020$a978-88-401-6016-0$9(OLS)http://semarc/number/294235 996 $6245$aChiesa e salvezza :$bl'extra Ecclesiam nulla salus in epoca patristica$9(OLS)http://semarc/title/437361 996 $6264$aCittà del Vaticano :$bUrbaniana University Press$9(OLS)http://semarc/publisher/31817 LEADER 00747naa a2200145 i 4500 001 000000294992 003 CaOOAMICUS 005 20180831172517.0 008 180831n xx u000 u und u 013 $a2291 040 $aSeMil$bita 100 1 $aGagnebin, Laurent <1939- >.$0(OLS)http://semarc/name/20151 245 10$aLes déroulements du culte réformé d'expression française à l'époque contemporaine. 773 0 $aTriacca, Achille Maria $tEucharistie: Célébrations, Rites, Piétés.$dRoma : CLV Edizioni Liturgiche, stampa 1995.$kBibliotheca Ephemerides Liturgicae. Subsidia$z88-86655-01-0$w()43802 996 $6245$aLes déroulements du culte réformé d'expression française à l'époque contemporaine$9(OLS)http://semarc/title/371063